| 000 | 02523cam a22005174i 4500 | ||
|---|---|---|---|
| 003 | PE-LiUPU | ||
| 005 | 20250731173346.0 | ||
| 008 | 150706s2009 bo r 000 0 spa d | ||
| 035 | _a(Sirsi) a47998 | ||
| 040 |
_aPE-LiUPU _bspa _cPE-LiUPU _erda |
||
| 049 | _aPRUA | ||
| 082 | 0 | 4 |
_a232.286 _bC _221 |
| 111 | 2 |
_aCristología. Simposio Bíblico - Teológico Sudamericano _nVII. _d01-04 de noviembre del 2007 _cCochabamba, Bolivia |
|
| 245 | 1 | 0 |
_aCristología : _bVII Simposio Bíblico-Teológico Sudamericano Universidad Adventista de Bolivia / _ceditado por Heber Pinheiro, Efraín Choque, Clara carbajal y Samuel Huamán. |
| 264 | 1 |
_aBolivia : _bUniversidad Adventista de Bolivia, _c2009. |
|
| 300 |
_a416 páginas ; _c24 centímetros |
||
| 336 |
_atext _2rdacontent |
||
| 337 |
_aunmediated _2rdamedia |
||
| 338 |
_avolume _2rdacarrier |
||
| 505 | 0 | _aCristo en el antiguo testamento -- Cristo en el nuevo testamento -- Cristología en la teología aplicada -- La iglesia adventista del séptimo día y la cristología -- Actualidad teológica de la cristología -- Miscelánea cristológica. | |
| 526 | _aSEG42 | ||
| 526 | _aSEG41 | ||
| 526 | _aSEG40 | ||
| 526 | _aSEG39 | ||
| 526 | _aP94 | ||
| 526 | _aP87 | ||
| 526 | _aP86 | ||
| 526 | _aP85 | ||
| 526 | _aP77 | ||
| 526 | _aP76 | ||
| 526 | _aP35 | ||
| 611 |
_aCristología. Simposio Bíblico - Teológico Sudamericano _nVII. _d01-04 de noviembre del 2007 _cCochabamba, Bolivia. |
||
| 650 | 0 | 4 |
_aCristología _vCongresos. |
| 700 | 1 |
_aPinheiro, Heber, _eeditor. |
|
| 910 | _agl | ||
| 942 |
_2ddc _cBOOK |
||
| 949 |
_a232.286 C _wDEWEY _c1 _i62628 _lCCODEBUL1 _mBUL _p13.00 _r0 _sY _tLIBRO _u2015-07-06 _xTEOLOGIA _o.STAFF. Colección Teología |
||
| 949 |
_a232.286 C _wDEWEY _c2 _i60828 _lCCODEBUL1 _mBUL _p12.00 _r0 _sY _tLIBRO _u2015-07-06 _xTEOLOGIA _o.STAFF. Colección Teología |
||
| 949 |
_a232.286 C _wDEWEY _c3 _i61989 _lCCODEBUL1 _mBUL _p35.00 _r0 _sY _tLIBRO _u2015-07-06 _xTEOLOGIA _o.STAFF. Colección Teología |
||
| 949 |
_a232.286 C _wDEWEY _c4 _i62627 _lCCODEBUL1 _mBUL _p13.00 _r0 _sY _tLIBRO _u2015-07-06 _xTEOLOGIA _o.STAFF. Colección Teología |
||
| 980 |
_81 _gALBERTO SANCHEZ Responsable de Automatización |
||
| 999 |
_c50200 _d50200 |
||